Statistiken für Das Pringles-Quiz

Klicken Sie hier um das Quiz zu spielen!

Allgemein

  • Dieses Quiz wurde 80 mal gespielt
    (27 seit der letzten Aktualisierung)
  • Das Durchschnittsergebnis liegt bei 6 aus 12

Antwortstatistiken

Sorte% Korrekt
Classic Paprika
100%
Original
80%
Sour Cream & Onion
60%
Ketchup
56%
Salt & Vinegar
56%
Sweet Paprika
56%
Hot & Spicy
52%
Pizza
52%
Cheese & Onion
32%
Texas BBQ Sauce
20%
Grilled Paprika
16%
Smokey Paprika Almond
8%

Verteilung der Resultate

Perzentil nach korrekt beantworteten Fragen

Anzahl Personen mit jedem Resultat

Ihre Resultats-Entwicklung

Sie haben dieses Quiz seit der letzten Aktualisierung nicht gespielt